Catálogo

Vista normal Vista MARC

Entrada Personal Name

Número de registros utilizados en: 1

001 - CONTROL NUMBER

  • control field: 14575

003 - CONTROL NUMBER IDENTIFIER

  • control field: DLC

005 - DATE AND TIME OF LATEST TRANSACTION

  • control field: 20230804131122.0

008 - FIXED-LENGTH DATA ELEMENTS

  • fixed length control field: 011116n| azannaabn |a aaa

010 ## - LIBRARY OF CONGRESS CONTROL NUMBER

  • LC control number: nb2001085896

035 ## - SYSTEM CONTROL NUMBER

  • System control number: (OCoLC)oca05682736

035 ## - SYSTEM CONTROL NUMBER

  • System control number: (Uk)004098543

040 ## - CATALOGING SOURCE

  • Original cataloging agency: Uk
  • Language of cataloging: spa
  • Description conventions: rda
  • Transcribing agency: Mx-PuUPA
  • Modifying agency: ICrlF
  • Modifying agency: Uk
  • Modifying agency: DLC
  • Modifying agency: Mx-PuUPA

046 ## - SPECIAL CODED DATES

  • Start period: 19
  • End period: 20

100 1# - HEADING--PERSONAL NAME

  • Personal name: Bestley, Russell,

370 ## - ASSOCIATED PLACE

  • Associated country: Gran Bretaña
  • Associated country: Inglaterra
  • Place of residence/headquarters: Portsmouth (Inglaterra)
  • Source of term: naf

372 ## - FIELD OF ACTIVITY

  • Field of activity: artes gráficas
  • Field of activity: musica punk rock
  • Source of term: lcsh

373 ## - ASSOCIATED GROUP

  • Associated group: Facultad de Comunicación de Londres
  • Source of term: naf

374 ## - OCCUPATION

  • Occupation: Profesor universitario
  • Occupation: Autor
  • Source of term: lcsh

375 ## - GENDER

  • Gender: hombre

377 ## - ASSOCIATED LANGUAGE

  • Language code: eng

400 1# - SEE FROM TRACING--PERSONAL NAME

  • Personal name: Bestley, Russ

670 ## - SOURCE DATA FOUND

  • Source citation: Document, 2001:
  • Information found: t.p. (Russell Bestley)

670 ## - SOURCE DATA FOUND

  • Source citation: His The art of punk, 2012:
  • Information found: t.p. (Russ Bestley & Alex Ogg) p.224 (principle lecturer in Graphic design at London College of Communication; worked in punk music as roadie, sound engineer, technician, musician, collector, designer and writer; lives in Portsmouth; long distance runner)

670 ## - SOURCE DATA FOUND

  • Source citation: London College of Communication website, Jan. 2, 2013
  • Information found: (Dr Russell Bestley, Course Director MA Graphic Design; research fields include punk, graphic design, popular music, information design, and research methodologies; on the editorial board of the academic journal Punk and Post Punk)

670 ## - SOURCE DATA FOUND

  • Source citation: Hard Werken, 2018:
  • Information found: t.p. (Russ Bestley) p. 387 (b. 1962 in Kent, GB; graphic designer and writer)

678 ## - BIOGRAPHICAL OR HISTORICAL DATA

  • Biographical or historical data: Russell Bestley is a lecturer and course director for the MA Graphic Design program at London College of Communication, and formerly worked in the punk music industry. He lives in Portsmouth, England, and enjoys long distance running.